LEADER 01040nam a2200229 4500 001 000000360699 003 CaOOAMICUS 005 20241114094325.0 008 241114s1873 it 000 u ita r 040 $aSeMil$bita 110 21$aCamera di commercio ed arti .$0(OLS)http://semarc/name/71929 245 10$aCamera di commercio ed arti :$bRimini li 4 decembre 1873. 264 1$aRimini :$b[s.n.],$c1873. 300 $a12, [2] p. ;$c27 cm 500 $aFirmatari in calce: il presidente E. Ruffi, il segretario L. Casaretto 500 $aSul front.: Prot. n. 980 505 00$aNuova tariffa generale per la tassa sulle polizze di carico delle merci importate es esportate colle vie di terra e di mare 850 $aSeMil 852 $aSeMil$W1$xVenegono$y1$m3Z VI 19/23 FA$j252296$B251704$CSeMilBibl$Z2$F251704 $8I 996 $6245$aCamera di commercio ed arti :$bRimini li 4 decembre 1873$9(OLS)http://semarc/title/451232 996 $6264$aRimini :$b[s.n.]$9(OLS)http://semarc/publisher/51539 LEADER 01117nam a2200205 i 4500 001 000000054615 003 CaOOAMICUS 005 19970526000000.0 008 970526n xx u000 u ger u 013 $a25787 040 $aSeMil$bita 100 1 $aSchmitt, Ernst.$0(OLS)http://semarc/name/27241 245 10$aLeben in den Weisheitsbüchern Job, Sprüche und Jesus Sirach. Freiburg im Breisgau :$b[s.n.], 1954. 650 4$aBibbia. Antico Testamento. Giobbe - Commentari, studi, critica, interpretazioni.$0(OLS)http://semarc/subject/182 650 4$aBibbia. Antico Testamento. Proverbi - Commentari, studi, critica, interpretazioni.$0(OLS)http://semarc/subject/13566 650 4$aBibbia. Antico Testamento. Siracide - Commentari, studi, critica, interpretazioni.$0(OLS)http://semarc/subject/12444 650 4$aTesi di laurea.$0(OLS)http://semarc/subject/1690 850 $aSeMil 852 $aSeMil$W1$xVenegono$y1$m2I II 36$j20769$B20769$CSeMilBibl$Z2$F20771 $81 996 $6245$aLeben in den Weisheitsbüchern Job, Sprüche und Jesus Sirach. Freiburg im Breisgau :$b[s.n.], 1954.$9(OLS)http://semarc/title/84572